Rubber Reinforcement With Particulate Fillers / (Record no. 590094)
[ view plain ]
| 000 -LEADER | |
|---|---|
| fixed length control field | 00366nam a22001577a 4500 |
| 003 - CONTROL NUMBER IDENTIFIER | |
| control field | NUST |
| 020 ## - INTERNATIONAL STANDARD BOOK NUMBER | |
| International Standard Book Number | 9781569907191 |
| 038 ## - RECORD CONTENT LICENSOR | |
| Staff Name | khadija |
| 082 ## - DEWEY DECIMAL CLASSIFICATION NUMBER | |
| Classification number | 678.724 |
| Author Mark | WAN |
| 100 ## - MAIN ENTRY--PERSONAL NAME | |
| Personal name | Wang |
| 9 (RLIN) | 91460 |
| 245 ## - TITLE STATEMENT | |
| Title | Rubber Reinforcement With Particulate Fillers / |
| Statement of responsibility, etc. | Meng- Jiao Wang |
| 260 ## - PUBLICATION, DISTRIBUTION, ETC. | |
| Place of publication, distribution, etc. | China |
| Name of publisher, distributor, etc. | Hanser |
| Date of publication, distribution, etc. | 2021 |
| 300 ## - PHYSICAL DESCRIPTION | |
| Extent | p589 |
| 563 ## - BINDING INFORMATION | |
| Binding note | HB |
| 942 ## - ADDED ENTRY ELEMENTS (KOHA) | |
| Source of classification or shelving scheme | |
| Koha item type | Book |
| Withdrawn status | Lost status | Source of classification or shelving scheme | Damaged status | Not for loan | Permanent Location | Current Location | Shelving location | Date acquired | Total Checkouts | Full call number | Barcode | Date last seen | Price effective from | Koha item type |
|---|---|---|---|---|---|---|---|---|---|---|---|---|---|---|
| School of Mechanical & Manufacturing Engineering (SMME) | School of Mechanical & Manufacturing Engineering (SMME) | General Stacks | 06/03/2022 | 678.724 WAN | SMME-3746 | 06/03/2022 | 06/03/2022 | Book |
